Statistics for Countries With the Shortest People

Click here to take the quiz!

General Stats

  • This quiz has been taken 46,867 times
  • The average score is 10 of 20

Answer Stats

MaleFemaleCountry% Correct
164.9 (5′5)152.6 (5′0)India
83%
163.6 (5′4)152.8 (5′0)Indonesia
83%
164.4 (5′5)153.6 (5′1)Vietnam
81%
160.5 (5′3)151.3 (5′0)Laos
76%
163.3 (5′4)152.9 (5′0)Cambodia
74%
162.3 (5′4)150.9 (5′0)Nepal
71%
163.2 (5′4)149.6 (5′0)Philippines
71%
163.8 (5′5)150.8 (5′0)Bangladesh
66%
165.3 (5′5)153.6 (5′1)Bhutan
65%
163.6 (5′4)154.9 (5′1)Papua New Guinea
54%
159.8 (5′3)151.2 (5′0)East Timor
53%
165.2 (5′5)152.9 (5′0)Peru
43%
164.1 (5′5)154.4 (5′1)Solomon Islands
29%
163.4 (5′4)149.4 (5′0)Guatemala
27%
159.9 (5′3)154.0 (5′1)Yemen
27%
162.8 (5′4)151.3 (5′0)Marshall Islands
26%
161.5 (5′4)151.2 (5′0)Madagascar
22%
162.7 (5′4)154.8 (5′1)Rwanda
19%
162.2 (5′4)154.4 (5′1)Malawi
15%
164.8 (5′5)154.0 (5′1)Mozambique
15%

Score Distribution

Percentile by Number Answered

Percent of People with Each Score

Your Score History

You have not taken this quiz